Calculus for scientists and engineers : an analytical approach (Record no. 11856)
[ view plain ]
| 000 -LEADER | |
|---|---|
| fixed length control field | 00390nam a22001457a 4500 |
| 020 ## - INTERNATIONAL STANDARD BOOK NUMBER | |
| International Standard Book Number | 9788173198427 |
| 082 ## - DEWEY DECIMAL CLASSIFICATION NUMBER | |
| Classification number | 515 JOS |
| 100 ## - MAIN ENTRY--PERSONAL NAME | |
| Personal name | Joshi, K. D. |
| 245 ## - TITLE STATEMENT | |
| Title | Calculus for scientists and engineers : an analytical approach |
| 260 ## - PUBLICATION, DISTRIBUTION, ETC. | |
| Place of publication, distribution, etc. | New Delhi |
| Name of publisher, distributor, etc. | Narosa Publishing |
| Date of publication, distribution, etc. | 2012 |
| 300 ## - PHYSICAL DESCRIPTION | |
| Extent | xiii, 797p. : |
| Accompanying material | 22 cm |
| 650 ## - SUBJECT ADDED ENTRY--TOPICAL TERM | |
| Topical term or geographic name entry element | Engineering mathematics |
| 700 ## - ADDED ENTRY--PERSONAL NAME | |
| Personal name | K. D. Joshi |
| 942 ## - ADDED ENTRY ELEMENTS (KOHA) | |
| Koha item type | Book |
| Withdrawn status | Lost status | Damaged status | Not for loan | Collection code | Permanent Location | Current Location | Shelving location | Date acquired | Source of acquisition | Cost, normal purchase price | Total Checkouts | Total Renewals | Full call number | Barcode | Checked out | Date last seen | Date last checked out | Price effective from | Koha item type |
|---|---|---|---|---|---|---|---|---|---|---|---|---|---|---|---|---|---|---|---|
| Central Library (CL) | Central Library (CL) | General Stacks | 05/08/2013 | Allied Book Company | 661.86 | 3 | 1 | 515 JOS | SEECS012333 | 12/08/2023 | 11/08/2023 | 11/08/2023 | 05/22/2013 | Book |
